000 00477nam a2200169Ia 4500
008 230917s9999||||xx |||||||||||||| ||und||
020 _cRS 625.00
040 _e5014246
_aMAIN
041 _aEnglish
082 _a624.1713 P88S
100 _aPrabhat Kumar
245 0 _aStrength and deformation of determinate structures
260 _aNew Delhi
_bI K International
_c2019
300 _axii, 490 p.
500 _a4508 27/01/2022 HBD22/9301 04/03/2022 Main Budget
942 _cBK
999 _c5308
_d5308